Държави по буква - Л - Statistics

General Stats
  • This quiz has been taken 97 times
  • The average score is 7 of 9
Answer Stats
Държава % Correct
Латвия
85%
Либия
85%
Литва
85%
Люксембург
76%
Ливан
75%
Лихтенщайн
75%
Лаос
71%
Лесото
59%
Либерия
59%
No matching quizzes found
Score Distribution
Percent of People with Each Score
Percentile by Number Answered
Your Score History
You have not taken this quiz